European Union Members Quiz Stats

 Plays Quiz Updated Jan 31, 2020

Support Sporcle.
Go Orange.
Score 0/27 Timer 05:00
8 Plays Today
Member % Correct
France
98.5%
Germany
98.2%
Spain
96.9%
Italy
96.5%
Portugal
94.2%
Sweden
93.4%
Ireland
90.6%
Poland
90.2%
Greece
90%
Finland
89.6%
Belgium
89.5%
Netherlands
88.7%
Denmark
88.3%
Austria
87.7%
Member % Correct
Czechia
83.8%
Luxembourg
80.8%
Hungary
80.7%
Slovakia
80%
Latvia
79%
Croatia
78.5%
Romania
77.3%
Lithuania
77.2%
Estonia
76.9%
Slovenia
72.9%
Bulgaria
71.2%
Cyprus
62.5%
Malta
62.4%

From the Vault

Multiple Guess World Geography

by razorz

Geography 10m
Sure, we'll give you more than one guess, but it's going to cost you.
Remove Ads.
Support Sporcle.
Get the best of Sporcle when you Go Orange. This ad-free experience offers more features, more stats, and more fun while also helping to support Sporcle. Thank you for becoming a member.

Show Comments

Extras

Top Quizzes Today


Score Distribution

Your Account Isn't Verified!

In order to create a playlist on Sporcle, you need to verify the email address you used during registration. Go to your Sporcle Settings to finish the process.

Report this User

Report this user for behavior that violates our Community Guidelines.

Details: